Normal view
MARC view
Entry Corporate Name
001 - CONTROL NUMBER
- control field: 35009
003 - CONTROL NUMBER IDENTIFIER
- control field: ARRUPE
005 - DATE AND TIME OF LATEST TRANSACTION
- control field: 20170822101512.0
008 - FIXED-LENGTH DATA ELEMENTS
- fixed length control field: 170822|| aca||aabn | a|a d
040 ## - CATALOGING SOURCE
- Original cataloging agency: ARRUPE
- Transcribing agency: ARRUPE
110 ## - HEADING--CORPORATE NAME
- Corporate name or jurisdiction name as entry element: Almy, Millie
- Relator term: foreword
670 ## - SOURCE DATA FOUND
- Source citation: Work cat.: (ARRUPE): Ways of assessing children and curriculum, 1992